Top 10 Potato Producing US States - Statistics

General Stats
  • This quiz has been taken 400 times
  • The average score is 6 of 10
Answer Stats
Amount (pounds) State % Correct
13,132,500,000 Idaho
91%
1,630,500,000 California
81%
9,900,000,000 Washington
79%
2,139,500,000 Oregon
76%
2,516,000,000 North Dakota
56%
1,842,800,000 Minnesota
52%
2,152,700,000 Colorado
51%
2,914,500,000 Wisconsin
49%
1,800,000,000 Michigan
47%
1,503,500,000 Maine
31%
No matching quizzes found
Score Distribution
Percent of People with Each Score
Percentile by Number Answered
Your Score History
You have not taken this quiz